000 01072nam a2200265 i 4500
001 bg
100 1 _aKast, Bernd.
245 1 0 _aFertigkeit Schreiben /
_cBernd Kast ; unter Mitarbeit Eva-Maria Jenkins.
260 _aBerlin [etc.] :
_bLangenscheidt ;
_c1999
_g(2007).
300 _a232 s. :
_bil. ;
_c30 cm.
490 1 _aFernstudienprojekt zur Fort- und Weiterbildung im Bereich Germanistik und Deutsch als Fremdsprache.
_pTeilbereich Deutsch als Fremdsprache
_vFernstudieneinheit 12,
650 9 _aJęzyk niemiecki
_xpisownia
650 9 _aJęzyk niemiecki
_xnauczanie
655 _aPodręczniki
700 1 _aJenkins, Eva-Maria.
_eWspółaut.
830 _aFernstudienprojekt zur Fort- und Weiterbildung im Bereich Germanistik und Deutsch als Fremdsprache.
_pTeilbereich Deutsch als Fremdsprache
020 _a9783468496660
040 _cBPK
041 0 _ager
044 _aDEU
080 _a811.112.2'35:37.091.3](072)
942 _cKS
008 s pl f |000 0 pol
999 _c54348
_d54348